000 01359nam a22003370a 4500
001 PT25725
003 AR-LpoUNG
005 20210131233226.0
008 191001s2005||||ag |||||||||||||||||spa d
020 _a9502314093
_c$6.38
040 _aAR-LpoUNG
_bspa
_cAR-LpoUNG
_eaacr
041 _aspa
044 _aag
082 0 _a982.04 618ca
100 1 _aGoldman, Noemí
_ecomp.
245 1 0 _aCaudillismos rioplatenses :
_bnuevas miradas a un viejo problema
250 _a2da. ed.
260 _aBuenos Aires :
_bEUDEBA,
_c2005.
300 _a355 p. :
_bil., tbls.
520 _a<p>Este libro reúne investiaciones históricas recientes acerca de la naturaleza, características y modos de funcionamiento de los caudillismos rioplatenses. Este viejo problema, la cuestión del liderazgo político en el siglo XIX encapsulada bajo la polisémica categoría "caudillismo", necesita revisión. Nuevas perspectivas han puesto en duda muchos de los supuestos en que se basaba la construcción clásica del caudillismo y también, como veremos, su versión clientelar más reciente.</p>
650 4 _aARGENTINA
650 4 _aCIENCIAS SOCIALES
650 4 _aGOBIERNO
650 4 _aHISTORIA
650 4 _aSISTEMAS POLITICOS
651 4 _aArgentina
653 _aINSERCION
700 1 _aSalvatore, Ricardo
_ecomp.
905 _a25725
942 _cLIB
999 _c19717
_d19717